《大决战》淮海战役名场面台词填空 Fill in the blanks from famous scenes in "Armageddon" - Statistics

General Stats
  • This quiz has been taken 315 times
  • The average score is 10 of 17
Answer Stats
主角 台词 答案 % Correct
_ _ _ _,历代大规模征战五十余次,是非曲直难以论说, 徐州地方
95%
不论怎么讲,会战兵力,是八十万对六十万,_ _ _ _! 优势在我
86%
我不明白,为什么大家都在谈论着项羽被困_ _,仿佛这中原古战场对我们注定了凶多吉少。 垓下
83%
当年_ _ _领革命军分三路会合徐州,兴师北上,光复徐州的第二天,清帝见大势已去,宣告退位。 先总理
78%
本党本军所到之处,民众_ _ _ _,真可谓占尽天时。 竭诚欢迎
76%
二十年前,我从徐州踏上征途,开始了第二次北伐,中华_ _ _ _遂归于一统。 秋海棠叶
75%
民国十六年四月,也正是在徐州城郊,我有幸亲率数十万健儿征讨北洋军阀_ _ _、_ _ _,大获全胜! 孙传芳
70%
但史家无不注意到,正是在这个古战场,决定了多少代王朝的盛衰兴亡、此兴彼落,所以古来就有_ _ _ _之说。 问鼎中原
66%
那种_ _ _ _、_ _ _ _的境界,犹在眼前。短短二十年后,这里竟至于一变而成为我的葬身之地了吗? 勃勃生机万物竞发
65%
六十万对八十万,这是一锅夹生饭,夹生就夹生,也要把它_ _ _! 吃下去
64%
张宗昌
59%
我讲过,抗日战争快不得、解放战争_ _ _。现在看来,这个话没有错,照一般规律,总兵力和装备不超过对方,绝不可进入战略决战,也不尽然。 拖不得
46%
战役发起以前,对隔断徐州、_ _,完全孤立徐州这一大坨敌人,我们尚不敢做这种估计; 蚌埠
44%
对_ _集团加入淮海战役,我们一直很担心,现在看来,正是蒋介石破釜沉舟,调集了他最大的一个战略集团,南线战略决战才显得这样非同小可,这样有声有色。 黄维
42%
解放战争两年多,我们滚大了,我们打精了,我们积累了有利决战的条件。好比凹凸镜,向着炎炎烈日,百倍千倍的光度聚合到一点上,白热化了、冒烟了,不能不_ _了! 燃烧
35%
所谓_ _ _ _,简单说就是赌国家的命运,赌军队的命运。这个赌字啊,很不好听,可又找不到一个更恰切的字代替它,就是这么一回事,啪的一下押上去了。 战略决战
32%
正是因为如此,事情临到了面前,又禁不住心扑扑地跳,哪有这个道理,心跳的什么呢?我们不怕燃烧,我们不怕白热化,我们不怕烫着这里,烫着那里,我们的手不能_ _啊! 发抖
25%
No matching quizzes found
Score Distribution
Percent of People with Each Score
Percentile by Number Answered
Your Score History
You have not taken this quiz